000 00548nam a2200157Ia 4500
008 140925s9999 xx 000 0 und d
245 _aResearch and practice in human resource management /
_h[electronic resource]
260 _bCurtin University of Technology,
_cc2012.
516 _aElectronic text
650 _aHuman Resource Management.
650 _aResearch and practice.
830 _aCurtin University of Technology
856 _uhttp://rphrm.curtin.edu.au/2012/issue1/index.html
942 _cEJ
999 _c275807
_d275807